La Tragedia social del café
Guardado en:
| Formato: | Texto |
|---|---|
| Materias: | |
| Etiquetas: |
Agregar Etiqueta
Sin Etiquetas, Sea el primero en etiquetar este registro!
|
MARC
| LEADER | 00000 a a2200000 04500 | ||
|---|---|---|---|
| 001 | 6650 | ||
| 003 | |||
| 040 | |||
| 245 | |a La Tragedia social del café | ||
| 650 | |a CAFE | ||
| 650 | |a RECESION ECONOMICA | ||
| 650 | |a EL SALVADOR | ||
| 773 | |g volumen 23, número 1040; páginas 10-11 | ||
| 999 | |c 23296 |d 23296 | ||
